Comedieta de ponça / ed. crítica de maxim p. a. kerkhof
Guardado en:
| Autor Principal: | |
|---|---|
| Otros Autores: | |
| Formato: | Libro |
| Publicado: |
Madrid :
Espasa-calpe,
1987
|
| Materias: | |
| Etiquetas: |
Agregar Etiqueta
Sin Etiquetas, Sea el primero en etiquetar este registro!
|
| LEADER | 00639nam a22001935a 4500 | ||
|---|---|---|---|
| 001 | EHU.bham044409 | ||
| 003 | AR-BHAM | ||
| 005 | 20161115103841.0 | ||
| 008 | 130507s1987##################000#0#####d | ||
| 020 | |a 8423938441 | ||
| 082 | 8 | 6 | |a 861.2 |
| 100 | 1 | |a Santillana, Marqués de | |
| 245 | 1 | 0 | |a Comedieta de ponça / |b ed. crítica de maxim p. a. kerkhof |c Marqués De Santillana : |
| 260 | |a Madrid : |b Espasa-calpe, |c 1987 | ||
| 300 | |a 281 p. | ||
| 653 | |a Literatura española medieval | ||
| 653 | |a Poesía medieval española | ||
| 700 | 1 | |a Kerkhof, Maxim P. A., ed. crítica | |
| 859 | |a AR-BHAM |b BIB. HUMANIDADES - General |h 861.2 |i Sa59-3 |p 626.16 |t Ej.1 | ||
